| LEADER | 00523cam a2200145 7i4500 | ||
|---|---|---|---|
| 001 | 0000017251 | ||
| 005 | 20060413090000.0 | ||
| 020 | 0 | 0 | |a 7-5005-8866-6 |
| 090 | 0 | 0 | |a T 382.7 |b CUS(CHIN) |
| 245 | 0 | 0 | |a Customs tariff of import and export of the People's Republic of China [The Legal Texts] : |b [2006 : enforced from January 1, 2006]. |
| 260 | 0 | 0 | |a [S.l]: |b China Financial & Economic Publishing House, |c 2006. |
| 300 | # | # | |a 752 p. |
| 650 | 0 | 0 | |a Tariff -- |z China |
| 651 | 0 | 0 | |a China |
| 999 | |a 0000018500 |b Book |c Tariffs |e Business Information Centre | ||


